Continent Letter Country Quintets Quiz Stats

 Plays Quiz Updated Feb 13, 2019

Support Sporcle.
Go Orange.
Score 0/20 Timer 04:00
3 Plays Today
Hint Answer % Correct
Asia (I)Indonesia
92.6%
Asia (I)India
92.2%
Africa (E)Ethiopia
92.1%
Africa (E)Eritrea
88%
Africa (G)Ghana
87.4%
Asia (I)Iran
86.8%
Asia (I)Iraq
86.7%
Africa (E)Egypt
83.4%
Africa (G)Guinea
83.2%
Asia (S)Singapore
81.7%
Hint Answer % Correct
Asia (S)South Korea
81.4%
Africa (G)Gabon
81%
Africa (G)(The) Gambia
75%
Asia (I)Israel
74.9%
Africa (G)Guinea-Bissau
73.4%
Africa (E)Equatorial Guinea
72.5%
Asia (S)Syria
71%
Asia (S)Sri Lanka
68.8%
Asia (S)Saudi Arabia
68.6%
Africa (E)Eswatini
63.1%

From the Vault

Did They Play for Manchester United?

by heusie

Sports 4m
If you're not sure, can you picture them in the uniform?
Remove Ads.
Support Sporcle.
Get the best of Sporcle when you Go Orange. This ad-free experience offers more features, more stats, and more fun while also helping to support Sporcle. Thank you for becoming a member.

Show Comments

Extras

Top Quizzes Today


Score Distribution

Your Account Isn't Verified!

In order to create a playlist on Sporcle, you need to verify the email address you used during registration. Go to your Sporcle Settings to finish the process.

Report this User

Report this user for behavior that violates our Community Guidelines.

Details: